000 00327nam a2200121Ia 4500
005 20251222154409.0
008 251222s9999||||xx |||||||||||||| ||spa||
020 _a978-612-45263-8-1
082 _a344.046/P42
100 _a"Peéa Cabrera Freyre, Alonso Ra´él"
245 0 _aLos delitos contra el medio ambiente
942 _cLIB
999 _c35570
_d35570